Salary survey 2011 (Record no. 82963)

MARC details
000 -LEADER
fixed length control field 00900cab a22001935a 4500
001 - CONTROL NUMBER
control field L152436
008 - FIXED-LENGTH DATA ELEMENTS--GENERAL INFORMATION
fixed length control field 110307e20110205xxk 000 0 eng d
035 ## - SYSTEM CONTROL NUMBER
System control number (Sirsi) u152436
041 0# - LANGUAGE CODE
Language code of text/sound track or separate title eng
100 1# - MAIN ENTRY--PERSONAL NAME
Personal name Barnard, Lucy
245 00 - TITLE STATEMENT
Title Salary survey 2011
260 ## - PUBLICATION, DISTRIBUTION, ETC.
Date of publication, distribution, etc. 2011
490 ## - SERIES STATEMENT
Series statement Estates Gazette
Volume/sequential designation (1105) 5 February 2011, 62-67(5)
520 ## - SUMMARY, ETC.
Summary, etc. Details of the 20th annual Estates Gazette-Foundation salary survey compiled after questioning nearly 1 200 property professional about their pay in January 2011. Shows the average property salary is £47 186 making it a third year for salary falls while bonuses also fell slightly by 1.5% since January 2010. The average annual fee income earned per respondent increased 3.1% from the 2010 level to £154 154.
590 ## - LOCAL NOTE (RLIN)
Local note KA
651 #4 - SUBJECT ADDED ENTRY--GEOGRAPHIC NAME
Geographic name United Kingdom
690 ## - LOCAL SUBJECT ADDED ENTRY--TOPICAL TERM (OCLC, RLIN)
Topical term or geographic name as entry element MANAGEMENT-BUSINESS MANAGEMENT-HUMAN RESOURCE MANAGEMENT
942 ## - ADDED ENTRY ELEMENTS (KOHA)
Suppress in OPAC 0
Holdings
Withdrawn status Lost status Source of classification or shelving scheme Damaged status Not for loan Home library Current library Shelving location Date acquired Total Checkouts Full call number Barcode Date last seen Copy number Price effective from Koha item type
    Dewey Decimal Classification     London London Journal article 07/03/2011   L152436 152436-1001 06/08/2019 1 06/08/2019 Journal article